| 000 | 00743nam a2200181 u 4500 | ||
|---|---|---|---|
| 001 | 000233772 | ||
| 003 | AM-YeHGA | ||
| 005 | 20250618071600.0 | ||
| 008 | 030611s1947 ai r 000 0 arm d | ||
| 040 | _aAM-YeHGA | ||
| 100 | 1 | _aԿոնչալովսկայա, Ն. | |
| 245 | 1 | 0 |
_aԵկեք հաշվենք : _b[Բանաստեղծություններ] / _cՆ. Կոնչալովսկայա; Թարգմ.՝ Հ. Հայրապետյան. |
| 260 |
_aԵրևան : _bՀայպետհրատ, _c1947. |
||
| 300 |
_a[16] էջ : _bգունանկ. ; _c21 սմ. |
||
| 650 | 1 | 4 |
_aՌուս մանկական գրականություն _xՊոեզիա |
| 700 | 1 |
_aՀայրապետյան, Հայրապետ Սարդարի, _d1874-1962 _eթարգմ. _4trl _91697 |
|
| 090 | _c83801 | ||
| 999 |
_c82529 _d82529 |
||